स्त्री साहित्य का सौंदर्यशास्त्र / (Record no. 64026)

MARC details
000 -LEADER
fixed length control field 01618nam a22002777a 4500
005 - DATE AND TIME OF LATEST TRANSACTION
control field 20110426154449.0
008 - FIXED-LENGTH DATA ELEMENTS--GENERAL INFORMATION
fixed length control field 090408t xxu||||| |||| 00| 0 hin d
010 ## - LCCN (DPL NO)
LC control number HIN-96612
020 ## - INTERNATIONAL STANDARD BOOK NUMBER
International Standard Book Number 9788179755242
Terms of availability 450.00
035 ## - SYSTEM CONTROL NUMBER
System control number HN-68958
037 ## - SOURCE OF ACQUISITION
Source of stock number/acquisition DBAD / PUB
040 ## - CATALOGING SOURCE
Original cataloging agency DPL
Language of cataloging HN
082 ## - DEWEY DECIMAL CLASSIFICATION NUMBER
Classification number 820.8
100 ## - MAIN ENTRY--PERSONAL NAME
Personal name मीणा,ओंकारलाल
9 (RLIN) 27482
245 ## - TITLE STATEMENT
Title स्त्री साहित्य का सौंदर्यशास्त्र /
Statement of responsibility, etc ओंकारलाल मीणा;अनिरूद्ध कुमार एवंम अनिल कुमार सिंह द्वारा संपादित
260 ## - PUBLICATION, DISTRIBUTION, ETC. (IMPRINT)
Place of publication, distribution, etc नई दिल्ली
Name of publisher, distributor, etc अनामिका पब्लिशर्स एंड डिस्ट्रीब्यूटर्स
Date of publication, distribution, etc 2012
270 ## - ADDRESS
Address 4697/3,21 ए,अंसारी रोड,दरिया गंज
City नई दिल्ली
Postal code 110002
Telephone number 011-23281655
Fax number 011-27868035
300 ## - PHYSICAL DESCRIPTION
Extent 254पृ
Dimensions 22 सेमी (सजिल्द)
650 ## - SUBJECT ADDED ENTRY--TOPICAL TERM
9 (RLIN) 1169
650 ## - SUBJECT ADDED ENTRY--TOPICAL TERM
9 (RLIN) 1170
700 ## - ADDED ENTRY--PERSONAL NAME
9 (RLIN) 27483
Personal name अनिरूद्ध कुमार
710 ## - ADDED ENTRY--CORPORATE NAME
Corporate name or jurisdiction name as entry element अनिल कुमार सिंह
9 (RLIN) 52094
942 ## - ADDED ENTRY ELEMENTS (KOHA)
Institution code [OBSOLETE] dpl
Item type Hindi Books
Source of classification or shelving scheme Dewey Decimal Classification
Call number suffix मीणाओं
Classification part 820.8
Holdings
Withdrawn status Lost status Source of classification or shelving scheme Damaged status Not for loan Collection code Home library Current library Date acquired Source of acquisition Cost, normal purchase price Total Checkouts Full call number Barcode Date last seen Copy number Cost, replacement price Koha item type
    Dewey Decimal Classification   Not For Loan Fiction D.B.Act.Division D.B.Act.Division 06/09/2012 DBAB/PUB 450.00   उ श्रीराम HN-68958 06/09/2012 1 450.00 Hindi Books

© Delhi Public Library
Hit Counter
free hit counter